Basic mathematical insights into astrophysics (Record no. 36133)

MARC details
000 -LEADER
fixed length control field 00629 a2200217 4500
003 - CONTROL NUMBER IDENTIFIER
control field IN-BaIIA
005 - DATE AND TIME OF LATEST TRANSACTION
control field 20251204115639.0
008 - FIXED-LENGTH DATA ELEMENTS--GENERAL INFORMATION
fixed length control field 251204b |||||||| |||| 00| 0 eng d
020 ## - INTERNATIONAL STANDARD BOOK NUMBER
International Standard Book Number 978-3-031-79099-7
040 ## - CATALOGING SOURCE
Transcribing agency IIA Library
080 ## - UNIVERSAL DECIMAL CLASSIFICATION NUMBER
Universal Decimal Classification number 51:52
Item number SCH
100 ## - MAIN ENTRY--PERSONAL NAME
Personal name Schiff, Joel L.
9 (RLIN) 49299
245 ## - TITLE STATEMENT
Title Basic mathematical insights into astrophysics
Statement of responsibility, etc. Joel L. Schiff
260 ## - PUBLICATION, DISTRIBUTION, ETC.
Place of publication, distribution, etc. Switzerland
Name of publisher, distributor, etc. Springer
Date of publication, distribution, etc. 2025
300 ## - PHYSICAL DESCRIPTION
Extent xiv, 247p.
490 ## - SERIES STATEMENT
Series statement Undergraduate lecture notes in physics
650 ## - SUBJECT ADDED ENTRY--TOPICAL TERM
Topical term or geographic name entry element Laws of physics
9 (RLIN) 33218
650 ## - SUBJECT ADDED ENTRY--TOPICAL TERM
Topical term or geographic name entry element Relativity
650 ## - SUBJECT ADDED ENTRY--TOPICAL TERM
Topical term or geographic name entry element Black holes; Mathematics
9 (RLIN) 49301
942 ## - ADDED ENTRY ELEMENTS (KOHA)
Source of classification or shelving scheme Universal Decimal Classification
Koha item type Books
Holdings
Withdrawn status Lost status Source of classification or shelving scheme Damaged status Not for loan Home library Current library Shelving location Date acquired Source of acquisition Cost, normal purchase price Total Checkouts Total Renewals Full call number Barcode Date last seen Date last checked out Cost, replacement price Price effective from Koha item type Purchase Price
    Dewey Decimal Classification     IIA Library-Bangalore IIA Library-Bangalore General Stacks 02/12/2025 78 6138.18 1 1 51:52/ SCH 20993 07/01/2026 07/01/2026 6138.18 03/12/2025 Books  

Powered by Koha